00925nam a22002417a 4500999001700000003000900017008004100026040007100067082002100138100002000159245002500179260005300204300002800257440006100285505008500346650003900431650002500470650001800495700003900513942001600552945002000568952009500588 c16258d16258AR-CdUCM190502b ||||| |||| 00| 0 spa d aMUNICIPALIDAD PROVINCIAL DEL CUSCOcBIBLIOTECA MUNICIPAL DEL CUSCO 23ed.a193 /bB86 aBuber, Martín aQué es el hombre / aMéxico :bFondo de Cultura Económica,c1954. a157 páginas ;c18 cm. aBreviarios del fondo de cultura económica ;n10935598 aContenido: Trayectoria de la interrogación -- Los intentos de nuestra época. aAntropología filosófica912049 aSeres humanos921798 aOrigen915147 aÍmaz, Eugenio (traductor)935599 2ddccLIBROS aacvd2019-05-02 002ddc4070aSHbSHcCARTd2019-05-02g25.00o193 / B86pSH0000011243r2019-05-02yLIBROS